Die bekanntesten Transferströme zwischen Mainz und Schalke - Statistiken

Allgemein
  • Dieses Quiz wurde 51 mal gespielt
  • Das Durchschnittsergebnis liegt bei 6 aus 16
Antwortstatistiken
Saison Abgebender Verein Aufnehmender Verein Position Ablöse in € Spielername % Korrekt
2018/2019 Mainz Schalke Zentrales MF 11.000.000 Serdar
79%
2013/2014 Mainz Schalke Mittelstürmer 8.000.000 Szalai
77%
2015/2016 Mainz Schalke Defensives MF 10.500.000 Geis
65%
2011/2012 Mainz Schalke Linker Verteidiger 3.800.000 Fuchs
63%
2010/2011 Schalke Mainz Zentrales MF Leihe 200.000 Holtby
63%
2014/2015 Mainz Schalke Mittelstürmer ablösefrei Choupo-Moting
53%
2021/2022 Mainz Schalke Zentrales MF ablösefrei Latza
51%
2022/2023 Mainz Schalke Defensives MF Leihe Tauer
30%
2014/2015 Schalke Mainz Rechtsaußen Leihe 400.000 Clemens
28%
2016/2017 Schalke Mainz Rechtsaußen 2.000.000 Clemens
28%
2007/2008 Schalke Mainz Rechter Verteidiger 280.000 Hoogland
19%
2010/2011 Mainz Schalke Rechter Verteidiger ablösefrei Hoogland
19%
2004/2005 Mainz Schalke Offensives MF 650.000 Azaouagh
16%
2011/2012 Schalke Mainz Mittelstürmer Leihe 200.000 Gavranovic
16%
2013/2014 Schalke Mainz Zentrales MF ablösefrei Moritz
16%
2006/2007 Mainz Schalke Innenverteidiger ablösefrei Abel
14%
Keine übereinstimmenden Quizze gefunden
Verteilung der Resultate
Anzahl Personen mit jedem Resultat
Perzentil nach korrekt beantworteten Fragen
Ihre Resultats-Entwicklung
Sie haben dieses Quiz noch nicht gespielt